| 000 | 00659nam a2200205 i 4500 | ||
|---|---|---|---|
| 001 | 26523 | ||
| 003 | ES-MaACL | ||
| 005 | 20250824063028.0 | ||
| 007 | t| | ||
| 008 | 030109s1953 sp ||||1| spa d | ||
| 100 | 1 |
_aAunós Pérez, Eduardo, _d1894-1967 _923920 |
|
| 245 | 1 | 3 |
_aGerardo de Nerval "el Desdichado / _cEduardo Aunós. |
| 260 |
_aMadrid : _b[s.n.], _c1953 ( _fEstades Artes Gráf.) |
||
| 300 |
_a332 p. ; _c18 cm. |
||
| 490 | 1 |
_aColección "El Grifón" ; _v1 |
|
| 600 | 0 | 4 |
_aNerval, Gérard de, _d1808-1855 _985401 |
| 830 | 0 |
_aColección "El Grifón" ; _v1 _9187211 |
|
| 852 |
_aES-MaACL _jC-6131 _bR.35228 |
||
| 999 |
_c26523 _d26523 |
||